Find the empires - Statistics

General Stats
  • This quiz has been taken 42 times
  • The average score is 14 of 15
Answer Stats
Picture Answer % Correct
British
100%
Italian
100%
Roman
100%
French
97%
Spanish
97%
Mexican
94%
Ottoman
94%
Portuguese
94%
Russian
94%
Japanese
89%
Persian
89%
Inca
86%
Mongolian
81%
Mali
75%
Austro-Hungarian
64%
No matching quizzes found
Score Distribution
Percent of People with Each Score
Percentile by Number Answered
Your Score History
You have not taken this quiz